000 00862nas a2200289 4500
001 BR0000941
003 BR-BrBNA
005 20231205101718.0
007 ta
008 230509b bl.|||p| |||| 00| 00por d
040 _aBR-BrBNA
_bpor
_cBiblioteca Nacional de Agricultura
041 _a(Pt)
072 _aL01
100 1 _aFunari, S.R.C.
100 1 _aRocha, H.C.
100 1 _aSforcin, J.M.
100 1 _aCuri, P.R.
100 1 _aPerosa, J.M.Y.
245 1 _aColeta de polen e producao de mel e propolis em colonias de abelhas africanizadas (Apis mellifera L.)
650 _aAbelha Africana
650 _aPolen
650 _aProducao Animal
650 _aPropolis
773 0 _tBoletim de Industria Animal (Brazil)
_xISSN 0067-9615
_g(1998), v. 55(2) p. 189-193
_wBR0000941
909 _a202311
_bLúcia
_c55
_dLúcia Elande
942 _2AGRIS
_n0
_cANA
999 _c163427
_d163427